[Event "Moia op 4th"]
[Site "Moia"]
[Date "2015.10.30"]
[Round "7"]
[White "Castano Sanchez, Tomas"]
[Black "Gallego Santiago, Fernando"]
[Result "0-1"]
[WhiteElo "1710"]
[BlackElo "1857"]
[PlyCount "88"]
[EventDate "2015.09.18"]
[EventType "swiss"]
[EventRounds "8"]
[EventCountry "ESP"]
[SourceTitle "EXT 2017"]
[Source "ChessBase"]
[SourceDate "2016.10.25"]
[SourceVersion "1"]
[SourceVersionDate "2016.10.25"]
[SourceQuality "1"]

1. d4 Nf6 2. c4 g6 3. Nc3 Bg7 4. e4 d6 5. Be3 0-0 6. Bd3 b6 7. Nge2 Nbd7 8. a3 Bb7 9. b4 c5 10. d5 Ng4 11. Qd2 Nde5 12. b5 Nf6 13. f3 a6 14. 0-0 Nfd7 15. Rac1 Nxd3 16. Qxd3 Ne5 17. Qb1 Nxc4 18. Bf2 Nd2 19. Qd3 Nxf1 20. Rxf1 Qd7 21. a4 axb5 22. axb5 Ra5 23. Qc4 Rfa8 24. Be1 Bc8 25. Kh1 Qe8 26. f4 e6 27. Ng3 Ra3 28. Nb1 Ra1 29. Qd3 exd5 30. Bc3 Bxc3 31. Qxc3 Qxb5 32. Nd2 Rxf1+ 33. Ndxf1 dxe4 34. Qf6 Be6 35. h3 Qd3 36. Kh2 e3 37. Qb2 b5 38. Qe2 Qxe2 39. Nxe2 Bc4 40. Nfg3 Bxe2 41. Nxe2 d5 42. Kg3 d4 43. Kf3 Re8 44. g4 d3 0-1